Hodnotenie finančnej situácie vybraného podniku v energetickom odvetví bakalárska práca

Na minha lista:
Detalhes bibliográficos
Autor principal: Haver, Denisa
Autor Corporativo: Národohospodárska fakulta EU. Katedra financií
Outros Autores: Bašová, Alena, 1961-
Formato: Livro
Idioma:eslovaco
Publicado em: Bratislava 2021
Tags: Adicionar Tag
Sem tags, seja o primeiro a adicionar uma tag!

MARC

LEADER 00000nbm a2200000 4500
001 0275051
005 20211210124341.1
041 0 |a slo 
044 |a SK 
245 1 0 |a Hodnotenie finančnej situácie vybraného podniku v energetickom odvetví  |b bakalárska práca  |c Denisa Haver ; školiteľ: Alena Bašová 
264 1 |a Bratislava  |c 2021 
300 |a 49 s. 
100 1 |a Haver, Denisa 
700 1 |a Bašová, Alena, 1961- 
710 2 |a Národohospodárska fakulta EU. Katedra financií